000 00204 a2200097 4500
001 28982
100 _aShames I.H
245 _aMechanics of fluids
260 _a
_bMcGraw-Hill
_c
090 _c19373
_d19373
942 _aNUST-CAE
_cM
_c10417
999 _c264055
_d264055